[Event "Weekender - Master"]
[Site "Enniscrone, Sligo, IE"]
[Date "2026.02.01"]
[Round "4"]
[White "Woods, Yannick"]
[Black "Ashworth, Michael"]
[Result "1-0"]
[Board "5"]
[WhiteFideId "2518384"]
[BlackFideId "425044"]
[WhiteElo "1971"]
[BlackElo "2013"]
[WhiteTeam "IRL"]
[BlackTeam "ENG"]
[WhiteClock "0:02:34"]
[BlackClock "0:00:33"]
[Variant "Standard"]

1. e4 {[%clk 1:30:13]}  c5 {[%clk 1:30:37]} 2. Nf3 {[%clk 1:30:40]}  g6 {[%clk 1:30:55]} 3. d4 {[%clk 1:30:49]}  cxd4 {[%clk 1:31:18]} 4. Nxd4 {[%clk 1:31:17]}  Nc6 {[%clk 1:31:25]} 5. c4 {[%clk 1:31:41]}  Nf6 {[%clk 1:31:44]} 6. Nc3 {[%clk 1:32:07]}  d6 {[%clk 1:31:40]} 7. Be2 {[%clk 1:32:16]}  Nxd4 {[%clk 1:31:50]} 8. Qxd4 {[%clk 1:32:44]}  Bg7 {[%clk 1:32:09]} 9. O-O {[%clk 1:33:10]}  O-O {[%clk 1:32:13]} 10. Qd3 {[%clk 1:33:38]}  Be6 {[%clk 1:31:01]} 11. Be3 {[%clk 1:33:48]}  Nd7 {[%clk 1:29:59]} 12. b3 {[%clk 1:34:10]}  Nc5 {[%clk 1:21:21]} 13. Qc2 {[%clk 1:34:38]}  Bxc3 {[%clk 1:21:16]} 14. Qxc3 {[%clk 1:35:06]}  Nxe4 {[%clk 1:21:35]} 15. Qb2 {[%clk 1:35:33]}  Re8 {[%clk 1:20:35]} 16. Bf3 {[%clk 1:35:15]}  Nc5 {[%clk 1:19:57]} 17. b4 {[%clk 1:18:52]}  Nd3 {[%clk 1:04:31]} 18. Qc3 {[%clk 1:16:55]}  Ne5 {[%clk 1:03:23]} 19. Bxb7 {[%clk 1:17:07]}  Rb8 {[%clk 0:55:04]} 20. Ba6 {[%clk 1:07:39]}  Qc7 {[%clk 0:33:28]} 21. Rac1 {[%clk 0:50:39]}  Bc8 {[%clk 0:23:18]} 22. Bb5 {[%clk 0:48:06]}  Rd8 {[%clk 0:21:22]} 23. Ba4 {[%clk 0:27:15]}  Be6 {[%clk 0:17:35]} 24. Bb3 {[%clk 0:17:20]}  Qb7 {[%clk 0:14:56]} 25. b5 {[%clk 0:15:33]}  Rdc8 {[%clk 0:12:46]} 26. Qd4 {[%clk 0:13:52]}  a6 {[%clk 0:06:39]} 27. a4 {[%clk 0:08:36]}  Nd7 {[%clk 0:05:54]} 28. Bd1 {[%clk 0:06:50]}  Nc5 {[%clk 0:05:10]} 29. Bf3 {[%clk 0:06:32]}  Qc7 {[%clk 0:04:37]} 30. Rfe1 {[%clk 0:04:57]}  Bf5 {[%clk 0:01:05]} 31. Bh6 {[%clk 0:04:55]}  f6 {[%clk 0:00:48]} 32. Bd5+ {[%clk 0:03:44]}  Kh8 {[%clk 0:01:07]} 33. Qh4 {[%clk 0:01:36]}  axb5 {[%clk 0:00:57]} 34. g4 {[%clk 0:01:46]}  Bd7 {[%clk 0:00:34]} 35. Rxe7 {[%clk 0:02:08]}  Rg8 {[%clk 0:00:33]} 36. Qxf6+ {[%clk 0:02:34]} 1-0

[Event "Weekender - Master"]
[Site "Enniscrone, Sligo, IE"]
[Date "2026.02.01"]
[Round "4"]
[White "O`Gorman, Alice"]
[Black "MacElligott, Gerard"]
[Result "1-0"]
[Board "6"]
[WhiteFideId "2508214"]
[BlackFideId "2500647"]
[BlackTitle "CM"]
[WhiteElo "2010"]
[BlackElo "1924"]
[WhiteTeam "IRL"]
[BlackTeam "IRL"]
[WhiteClock "0:02:42"]
[BlackClock "0:03:55"]
[Variant "Standard"]

1. e4 {[%clk 1:27:25]}  c6 {[%clk 1:28:56]} 2. d4 {[%clk 1:27:51]}  d5 {[%clk 1:29:23]} 3. e5 {[%clk 1:28:18]}  c5 {[%clk 1:29:04]} 4. dxc5 {[%clk 1:28:43]}  e6 {[%clk 1:28:58]} 5. a3 {[%clk 1:29:08]}  Bxc5 {[%clk 1:29:13]} 6. Qg4 {[%clk 1:28:40]}  Ne7 {[%clk 1:27:41]} 7. b4 {[%clk 1:28:29]}  Bb6 {[%clk 1:27:56]} 8. Nf3 {[%clk 1:27:52]}  O-O {[%clk 1:25:47]} 9. Bd3 {[%clk 1:27:32]}  f5 {[%clk 1:23:28]} 10. exf6 {[%clk 1:23:05]}  Rxf6 {[%clk 1:23:27]} 11. Bg5 {[%clk 1:04:39]}  e5 {[%clk 1:16:58]} 12. Qg3 {[%clk 0:51:21]}  Rf7 {[%clk 0:59:25]} 13. Qxe5 {[%clk 0:47:28]}  Nbc6 {[%clk 0:49:50]} 14. Qg3 {[%clk 0:45:42]}  Nd4 {[%clk 0:39:09]} 15. Bxh7+ {[%clk 0:35:41]}  Kxh7 {[%clk 0:35:09]} 16. Qh4+ {[%clk 0:35:50]}  Kg8 {[%clk 0:35:32]} 17. Nxd4 {[%clk 0:35:23]}  Bxd4 {[%clk 0:24:39]} 18. Qxd4 {[%clk 0:35:29]}  Nf5 {[%clk 0:21:52]} 19. Bxd8 {[%clk 0:30:30]}  Nxd4 {[%clk 0:22:16]} 20. O-O {[%clk 0:29:55]}  Bf5 {[%clk 0:17:45]} 21. Bg5 {[%clk 0:29:01]}  Nxc2 {[%clk 0:15:49]} 22. Ra2 {[%clk 0:29:01]}  d4 {[%clk 0:15:38]} 23. Nd2 {[%clk 0:28:18]}  Rc8 {[%clk 0:15:09]} 24. Rd1 {[%clk 0:23:13]}  Rd7 {[%clk 0:10:17]} 25. h3 {[%clk 0:16:31]}  Be6 {[%clk 0:08:35]} 26. Rb2 {[%clk 0:16:24]}  Nxa3 {[%clk 0:09:03]} 27. Nf3 {[%clk 0:15:15]}  Nb5 {[%clk 0:09:24]} 28. Re1 {[%clk 0:12:20]}  Bd5 {[%clk 0:07:49]} 29. Ne5 {[%clk 0:11:05]}  Rdc7 {[%clk 0:07:34]} 30. Ng6 {[%clk 0:09:51]}  Kf7 {[%clk 0:05:44]} 31. Ne5+ {[%clk 0:04:57]}  Kg8 {[%clk 0:06:00]} 32. Ng6 {[%clk 0:05:21]}  Kf7 {[%clk 0:06:24]} 33. Ne7 {[%clk 0:03:08]}  Re8 {[%clk 0:05:40]} 34. Rbe2 {[%clk 0:03:19]}  Bc4 {[%clk 0:04:17]} 35. Re4 {[%clk 0:02:58]}  d3 {[%clk 0:03:55]} 36. Rf4# {[%clk 0:02:42]} 1-0

[Event "Weekender - Master"]
[Site "Enniscrone, Sligo, IE"]
[Date "2026.02.01"]
[Round "4"]
[White "Govindaraju, Darun"]
[Black "Gajcin, Jasmina"]
[Result "0-1"]
[Board "7"]
[WhiteFideId "2519690"]
[BlackFideId "939030"]
[BlackTitle "WCM"]
[WhiteElo "2168"]
[BlackElo "1919"]
[WhiteTeam "IRL"]
[BlackTeam "SRB"]
[WhiteClock "0:03:26"]
[BlackClock "0:01:01"]
[Variant "Standard"]

1. d4 {[%clk 1:30:57]}  d5 {[%clk 1:30:56]} 2. c4 {[%clk 1:31:23]}  c6 {[%clk 1:31:22]} 3. Nf3 {[%clk 1:31:49]}  Nf6 {[%clk 1:31:47]} 4. Nc3 {[%clk 1:32:14]}  e6 {[%clk 1:32:12]} 5. Bg5 {[%clk 1:32:35]}  h6 {[%clk 1:32:11]} 6. Bh4 {[%clk 1:32:45]}  dxc4 {[%clk 1:31:38]} 7. e4 {[%clk 1:33:06]}  g5 {[%clk 1:30:30]} 8. Bg3 {[%clk 1:33:29]}  b5 {[%clk 1:30:28]} 9. Be2 {[%clk 1:33:00]}  Bb7 {[%clk 1:19:36]} 10. h4 {[%clk 1:32:35]}  g4 {[%clk 1:14:13]} 11. Ne5 {[%clk 1:32:42]}  h5 {[%clk 1:14:31]} 12. O-O {[%clk 1:30:27]}  Nbd7 {[%clk 1:09:00]} 13. Nxd7 {[%clk 1:25:22]}  Qxd7 {[%clk 1:06:51]} 14. Be5 {[%clk 1:19:01]}  Bg7 {[%clk 1:03:14]} 15. f3 {[%clk 1:13:41]}  Qe7 {[%clk 0:46:25]} 16. b3 {[%clk 1:05:42]}  Rd8 {[%clk 0:30:56]} 17. Qe1 {[%clk 0:48:47]}  c5 {[%clk 0:19:39]} 18. Nxb5 {[%clk 0:40:35]}  cxd4 {[%clk 0:18:33]} 19. Bxc4 {[%clk 0:38:53]}  d3 {[%clk 0:13:36]} 20. Qg3 {[%clk 0:30:33]}  Qc5+ {[%clk 0:06:24]} 21. Kh1 {[%clk 0:14:54]}  Nxe4 {[%clk 0:06:09]} 22. fxe4 {[%clk 0:12:52]}  Bxe5 {[%clk 0:06:20]} 23. Qe1 {[%clk 0:13:17]}  Bxa1 {[%clk 0:05:08]} 24. Qxa1 {[%clk 0:13:45]}  Rf8 {[%clk 0:04:58]} 25. Qf6 {[%clk 0:13:01]}  Qe7 {[%clk 0:03:28]} 26. Qf2 {[%clk 0:10:11]}  a6 {[%clk 0:02:40]} 27. Nc3 {[%clk 0:09:27]}  Qd6 {[%clk 0:01:59]} 28. Na4 {[%clk 0:08:12]}  d2 {[%clk 0:01:35]} 29. Rd1 {[%clk 0:08:00]}  Qd4 {[%clk 0:01:25]} 30. Qg3 {[%clk 0:07:17]}  Qxe4 {[%clk 0:01:02]} 31. Nc3 {[%clk 0:06:31]}  Qc6 {[%clk 0:00:47]} 32. a4 {[%clk 0:06:19]}  Qd6 {[%clk 0:00:43]} 33. Qf2 {[%clk 0:06:15]}  g3 {[%clk 0:00:54]} 34. Qe3 {[%clk 0:05:54]}  Rg8 {[%clk 0:00:49]} 35. Ne2 {[%clk 0:05:40]}  Qe7 {[%clk 0:00:42]} 36. Nf4 {[%clk 0:05:08]}  Rg4 {[%clk 0:00:38]} 37. Kg1 {[%clk 0:05:07]}  Kf8 {[%clk 0:00:35]} 38. Qe5 {[%clk 0:04:21]}  Rg8 {[%clk 0:00:36]} 39. Bxe6 {[%clk 0:03:37]}  Qxh4 {[%clk 0:00:34]} 40. Bh3 {[%clk 0:03:42]}  Qg5 {[%clk 0:00:42]} 41. Qc7 {[%clk 0:03:36]}  Qe7 {[%clk 0:00:43]} 42. Qb6 {[%clk 0:03:20]}  Qe1+ {[%clk 0:00:37]} 43. Rxe1 {[%clk 0:03:26]}  dxe1=Q# {[%clk 0:01:01]} 0-1

[Event "Weekender - Master"]
[Site "Enniscrone, Sligo, IE"]
[Date "2026.02.01"]
[Round "4"]
[White "White, Nicole"]
[Black "Comley, Jamie"]
[Result "1/2-1/2"]
[Board "9"]
[WhiteFideId "2520362"]
[BlackFideId "2524260"]
[WhiteElo "1854"]
[BlackElo "1968"]
[WhiteTeam "IRL"]
[BlackTeam "IRL"]
[WhiteClock "0:42:36"]
[BlackClock "0:12:35"]
[Variant "Standard"]

1. c4 {[%clk 1:30:59]}  c5 {[%clk 1:29:27]} 2. g3 {[%clk 1:31:20]}  g6 {[%clk 1:29:50]} 3. Bg2 {[%clk 1:31:46]}  Bg7 {[%clk 1:30:13]} 4. Nf3 {[%clk 1:32:13]}  Nc6 {[%clk 1:30:29]} 5. Nc3 {[%clk 1:32:36]}  d6 {[%clk 1:30:39]} 6. O-O {[%clk 1:32:52]}  Bf5 {[%clk 1:29:53]} 7. d3 {[%clk 1:30:56]}  Qd7 {[%clk 1:29:31]} 8. Bd2 {[%clk 1:30:08]}  Bh3 {[%clk 1:29:08]} 9. Rb1 {[%clk 1:29:54]}  h5 {[%clk 1:27:27]} 10. Nd5 {[%clk 1:29:04]}  Bxg2 {[%clk 1:26:46]} 11. Kxg2 {[%clk 1:29:33]}  e6 {[%clk 1:16:01]} 12. Nc3 {[%clk 1:29:17]}  Nge7 {[%clk 1:12:25]} 13. a3 {[%clk 1:29:31]}  O-O {[%clk 1:02:53]} 14. b4 {[%clk 1:26:21]}  b6 {[%clk 1:02:38]} 15. Na4 {[%clk 1:20:41]}  Nf5 {[%clk 1:01:04]} 16. Bc3 {[%clk 1:18:58]}  Ncd4 {[%clk 0:56:28]} 17. Nxd4 {[%clk 1:10:38]}  Nxd4 {[%clk 0:52:45]} 18. e3 {[%clk 1:10:53]}  Qc6+ {[%clk 0:50:38]} 19. f3 {[%clk 1:08:50]}  Nf5 {[%clk 0:47:40]} 20. Re1 {[%clk 1:07:02]}  Bh6 {[%clk 0:42:23]} 21. Kf2 {[%clk 1:06:30]}  cxb4 {[%clk 0:36:01]} 22. axb4 {[%clk 1:06:28]}  d5 {[%clk 0:35:19]} 23. c5 {[%clk 1:02:06]}  bxc5 {[%clk 0:31:43]} 24. Nxc5 {[%clk 1:02:02]}  a5 {[%clk 0:29:52]} 25. d4 {[%clk 1:01:37]}  axb4 {[%clk 0:29:08]} 26. Rxb4 {[%clk 1:01:32]}  Ra2+ {[%clk 0:28:24]} 27. Rb2 {[%clk 1:01:56]}  Rxb2+ {[%clk 0:24:31]} 28. Bxb2 {[%clk 1:02:24]}  Qb5 {[%clk 0:23:51]} 29. Bc1 {[%clk 1:02:18]}  Qc4 {[%clk 0:18:38]} 30. Qe2 {[%clk 0:54:57]}  Qxe2+ {[%clk 0:17:32]} 31. Kxe2 {[%clk 0:54:55]}  Ra8 {[%clk 0:15:50]} 32. Kd3 {[%clk 0:42:36]}  Nd6 {[%clk 0:12:35]} 1/2-1/2

[Event "Weekender - Master"]
[Site "Enniscrone, Sligo, IE"]
[Date "2026.02.01"]
[Round "4"]
[White "Halvorsen, Benjamin"]
[Black "Nikiforov, Sergey"]
[Result "1-0"]
[Board "10"]
[WhiteFideId "1516604"]
[BlackFideId "14129086"]
[WhiteElo "2007"]
[BlackElo "1933"]
[WhiteTeam "NOR"]
[BlackTeam "UKR"]
[WhiteClock "0:08:08"]
[BlackClock "0:04:59"]
[Variant "Standard"]

1. d4 {[%clk 1:29:26]}  c5 {[%clk 1:30:46]} 2. d5 {[%clk 1:29:38]}  e6 {[%clk 1:31:10]} 3. c4 {[%clk 1:29:59]}  exd5 {[%clk 1:31:33]} 4. cxd5 {[%clk 1:30:15]}  d6 {[%clk 1:31:55]} 5. Nc3 {[%clk 1:30:09]}  Nf6 {[%clk 1:31:47]} 6. e4 {[%clk 1:29:14]}  g6 {[%clk 1:30:55]} 7. Nf3 {[%clk 1:27:01]}  Bg7 {[%clk 1:30:59]} 8. Bd3 {[%clk 1:24:51]}  O-O {[%clk 1:31:08]} 9. O-O {[%clk 1:24:36]}  Na6 {[%clk 1:28:05]} 10. Re1 {[%clk 1:20:07]}  Bg4 {[%clk 1:25:21]} 11. h3 {[%clk 1:13:20]}  Bxf3 {[%clk 1:25:37]} 12. Qxf3 {[%clk 1:13:27]}  Nd7 {[%clk 1:15:25]} 13. Qg3 {[%clk 1:09:12]}  Ne5 {[%clk 1:10:07]} 14. Bxa6 {[%clk 1:07:50]}  bxa6 {[%clk 1:10:30]} 15. f4 {[%clk 1:07:46]}  Nc4 {[%clk 1:06:12]} 16. Qd3 {[%clk 1:04:40]}  Bd4+ {[%clk 1:04:57]} 17. Kh1 {[%clk 1:02:31]}  Nb6 {[%clk 0:55:17]} 18. Be3 {[%clk 0:59:22]}  Bxc3 {[%clk 0:49:09]} 19. bxc3 {[%clk 0:56:39]}  Qd7 {[%clk 0:42:15]} 20. Qxa6 {[%clk 0:44:08]}  Qa4 {[%clk 0:38:20]} 21. Qxa4 {[%clk 0:40:24]}  Nxa4 {[%clk 0:38:46]} 22. Rac1 {[%clk 0:39:59]}  Rfe8 {[%clk 0:37:29]} 23. Bg1 {[%clk 0:36:10]}  f6 {[%clk 0:31:22]} 24. Rc2 {[%clk 0:27:38]}  Rab8 {[%clk 0:29:18]} 25. Bh2 {[%clk 0:26:26]}  c4 {[%clk 0:24:21]} 26. Bg1 {[%clk 0:25:12]}  a6 {[%clk 0:19:44]} 27. Bd4 {[%clk 0:24:54]}  Rb2 {[%clk 0:16:26]} 28. Rxb2 {[%clk 0:22:18]}  Nxb2 {[%clk 0:16:53]} 29. Rb1 {[%clk 0:20:17]}  Nd3 {[%clk 0:16:39]} 30. Rb6 {[%clk 0:20:26]}  Rxe4 {[%clk 0:15:43]} 31. Rxa6 {[%clk 0:19:48]}  Nxf4 {[%clk 0:14:36]} 32. Rxd6 {[%clk 0:19:16]}  Re2 {[%clk 0:12:36]} 33. g3 {[%clk 0:10:46]}  Nxh3 {[%clk 0:10:15]} 34. Rxf6 {[%clk 0:10:56]}  Rxa2 {[%clk 0:07:52]} 35. d6 {[%clk 0:11:14]}  Ra5 {[%clk 0:06:53]} 36. Be3 {[%clk 0:09:34]}  Kg7 {[%clk 0:04:59]} 37. Rf1 {[%clk 0:08:08]} 1-0

[Event "Weekender - Master"]
[Site "Enniscrone, Sligo, IE"]
[Date "2026.02.01"]
[Round "4"]
[White "Haque, Mustakim-Ul"]
[Black "Millward, Kevin P"]
[Result "1-0"]
[Board "12"]
[WhiteFideId "2509334"]
[BlackFideId "404721"]
[WhiteElo "1974"]
[BlackElo "1948"]
[WhiteTeam "IRL"]
[BlackTeam "ENG"]
[WhiteClock "0:19:02"]
[BlackClock "0:00:39"]
[Variant "Standard"]

1. d4 {[%clk 1:26:27]}  d6 {[%clk 1:30:45]} 2. e4 {[%clk 1:26:38]}  Nf6 {[%clk 1:31:12]} 3. Nc3 {[%clk 1:26:53]}  e5 {[%clk 1:31:17]} 4. Nf3 {[%clk 1:27:07]}  Nbd7 {[%clk 1:31:10]} 5. g4 {[%clk 1:27:09]}  Nxg4 {[%clk 1:30:19]} 6. Rg1 {[%clk 1:27:34]}  Nb6 {[%clk 1:10:04]} 7. h3 {[%clk 1:19:36]}  exd4 {[%clk 0:56:52]} 8. Nxd4 {[%clk 1:17:43]}  Ne5 {[%clk 0:50:33]} 9. Qe2 {[%clk 1:12:16]}  Bd7 {[%clk 0:40:13]} 10. Bf4 {[%clk 1:06:59]}  Qe7 {[%clk 0:31:56]} 11. O-O-O {[%clk 1:03:35]}  O-O-O {[%clk 0:29:16]} 12. Bg5 {[%clk 0:55:42]}  f6 {[%clk 0:28:28]} 13. Bh4 {[%clk 0:54:39]}  g5 {[%clk 0:24:20]} 14. Bg3 {[%clk 0:54:32]}  Ng6 {[%clk 0:20:49]} 15. Kb1 {[%clk 0:50:54]}  a6 {[%clk 0:16:26]} 16. Qd2 {[%clk 0:46:06]}  Ne5 {[%clk 0:15:24]} 17. Nd5 {[%clk 0:45:09]}  Nxd5 {[%clk 0:14:25]} 18. exd5 {[%clk 0:44:35]}  c5 {[%clk 0:12:27]} 19. dxc6 {[%clk 0:40:42]}  Nxc6 {[%clk 0:12:22]} 20. Qc3 {[%clk 0:38:01]}  Kb8 {[%clk 0:08:44]} 21. Nb5 {[%clk 0:30:42]}  axb5 {[%clk 0:05:55]} 22. Bxd6+ {[%clk 0:31:07]}  Qxd6 {[%clk 0:06:15]} 23. Rxd6 {[%clk 0:31:33]}  Bxd6 {[%clk 0:06:44]} 24. Qxf6 {[%clk 0:31:12]}  Be7 {[%clk 0:03:26]} 25. Qc3 {[%clk 0:31:21]}  b4 {[%clk 0:03:37]} 26. Qg3+ {[%clk 0:31:45]}  Ka8 {[%clk 0:02:59]} 27. Bd3 {[%clk 0:31:56]}  h5 {[%clk 0:02:40]} 28. Be4 {[%clk 0:29:20]}  g4 {[%clk 0:01:56]} 29. hxg4 {[%clk 0:28:57]}  hxg4 {[%clk 0:02:07]} 30. Qc7 {[%clk 0:29:16]}  Bc5 {[%clk 0:00:41]} 31. a3 {[%clk 0:26:56]}  bxa3 {[%clk 0:01:08]} 32. bxa3 {[%clk 0:26:11]}  Be8 {[%clk 0:00:48]} 33. Rxg4 {[%clk 0:22:35]}  Bd6 {[%clk 0:01:11]} 34. Qb6 {[%clk 0:21:52]}  Bd7 {[%clk 0:00:50]} 35. Rg5 {[%clk 0:18:52]}  Rhg8 {[%clk 0:00:41]} 36. Rb5 {[%clk 0:18:20]}  Rg1+ {[%clk 0:00:38]} 37. Kb2 {[%clk 0:18:26]}  Bxa3+ {[%clk 0:00:35]} 38. Kxa3 {[%clk 0:18:39]}  Ra1+ {[%clk 0:00:39]} 39. Kb2 {[%clk 0:19:02]} 1-0

[Event "Weekender - Master"]
[Site "Enniscrone, Sligo, IE"]
[Date "2026.02.01"]
[Round "4"]
[White "Ashworth, Robert"]
[Black "O`Flaherty, Kevin"]
[Result "0-1"]
[Board "13"]
[WhiteFideId "426563"]
[BlackFideId "2502283"]
[WhiteElo "1899"]
[BlackElo "1956"]
[WhiteTeam "ENG"]
[BlackTeam "IRL"]
[WhiteClock "0:00:34"]
[BlackClock "0:00:38"]
[Variant "Standard"]

1. e4 {[%clk 1:30:50]}  c6 {[%clk 1:29:37]} 2. d4 {[%clk 1:31:06]}  d5 {[%clk 1:30:01]} 3. Nc3 {[%clk 1:30:59]}  dxe4 {[%clk 1:30:12]} 4. Nxe4 {[%clk 1:31:21]}  g6 {[%clk 1:30:33]} 5. c3 {[%clk 1:26:43]}  Bg7 {[%clk 1:30:54]} 6. Nf3 {[%clk 1:25:38]}  Nf6 {[%clk 1:31:11]} 7. Bd3 {[%clk 1:22:52]}  O-O {[%clk 1:31:10]} 8. O-O {[%clk 1:20:30]}  a5 {[%clk 1:21:52]} 9. a4 {[%clk 1:14:01]}  Na6 {[%clk 1:19:45]} 10. Qe2 {[%clk 1:04:43]}  Nc7 {[%clk 1:12:43]} 11. Nxf6+ {[%clk 0:57:51]}  exf6 {[%clk 1:12:54]} 12. h3 {[%clk 0:56:57]}  Re8 {[%clk 1:11:14]} 13. Qc2 {[%clk 0:48:39]}  Nd5 {[%clk 1:10:14]} 14. Bd2 {[%clk 0:46:27]}  Be6 {[%clk 1:07:01]} 15. Rfe1 {[%clk 0:35:28]}  Qd7 {[%clk 1:07:06]} 16. c4 {[%clk 0:32:53]}  Nb4 {[%clk 1:06:08]} 17. Bxb4 {[%clk 0:33:17]}  axb4 {[%clk 1:06:32]} 18. Qd2 {[%clk 0:33:03]}  Bf8 {[%clk 0:41:34]} 19. b3 {[%clk 0:28:03]}  b6 {[%clk 0:33:10]} 20. Be4 {[%clk 0:25:04]}  Ra5 {[%clk 0:27:13]} 21. d5 {[%clk 0:19:42]}  cxd5 {[%clk 0:23:44]} 22. Bxd5 {[%clk 0:20:01]}  Bxd5 {[%clk 0:23:07]} 23. Rxe8 {[%clk 0:20:15]}  Qxe8 {[%clk 0:23:34]} 24. cxd5 {[%clk 0:20:36]}  Bd6 {[%clk 0:18:40]} 25. Re1 {[%clk 0:17:48]}  Qd7 {[%clk 0:19:07]} 26. Qd4 {[%clk 0:17:02]}  Qd8 {[%clk 0:17:50]} 27. Qe4 {[%clk 0:10:53]}  Rxd5 {[%clk 0:17:27]} 28. Kh1 {[%clk 0:09:58]}  Bc5 {[%clk 0:15:33]} 29. Qe2 {[%clk 0:06:01]}  Rd3 {[%clk 0:13:19]} 30. Rb1 {[%clk 0:07:47]}  Qd5 {[%clk 0:12:58]} 31. Qc2 {[%clk 0:06:12]}  Kg7 {[%clk 0:12:59]} 32. Kg1 {[%clk 0:04:01]}  h5 {[%clk 0:08:41]} 33. Kf1 {[%clk 0:01:44]}  g5 {[%clk 0:07:16]} 34. Qc1 {[%clk 0:01:28]}  Rxb3 {[%clk 0:06:28]} 35. Rxb3 {[%clk 0:01:54]}  Qxb3 {[%clk 0:06:47]} 36. Nxg5 {[%clk 0:02:13]}  Qd3+ {[%clk 0:06:40]} 37. Kg1 {[%clk 0:02:18]}  fxg5 {[%clk 0:05:33]} 38. Qxg5+ {[%clk 0:02:45]}  Qg6 {[%clk 0:05:46]} 39. Qe5+ {[%clk 0:02:53]}  Kh7 {[%clk 0:06:05]} 40. a5 {[%clk 0:03:18]}  Qb1+ {[%clk 0:06:09]} 41. Kh2 {[%clk 0:03:38]}  Bxf2 {[%clk 0:06:26]} 42. Qxh5+ {[%clk 0:03:54]}  Kg8 {[%clk 0:05:51]} 43. Qg5+ {[%clk 0:03:02]}  Qg6 {[%clk 0:05:38]} 44. Qd8+ {[%clk 0:02:48]}  Kg7 {[%clk 0:05:00]} 45. g4 {[%clk 0:01:09]}  Bc5 {[%clk 0:04:30]} 46. Kg2 {[%clk 0:00:36]}  Qc6+ {[%clk 0:04:32]} 47. Kf1 {[%clk 0:00:35]}  Qf3+ {[%clk 0:04:55]} 48. Ke1 {[%clk 0:00:57]}  Bf2+ {[%clk 0:05:18]} 49. Kd2 {[%clk 0:01:11]}  Be3+ {[%clk 0:03:04]} 50. Kc2 {[%clk 0:01:05]}  Qc6+ {[%clk 0:03:11]} 51. Kd3 {[%clk 0:01:17]}  Qc3+ {[%clk 0:02:51]} 52. Ke4 {[%clk 0:01:15]}  bxa5 {[%clk 0:01:26]} 53. Qxa5 {[%clk 0:01:12]}  Qd4+ {[%clk 0:01:00]} 54. Kf3 {[%clk 0:01:33]}  b3 {[%clk 0:01:06]} 55. Qa3 {[%clk 0:00:34]}  b2 {[%clk 0:01:09]} 56. Qb3 {[%clk 0:00:37]}  Bc1 {[%clk 0:00:47]} 57. Qb5 {[%clk 0:00:34]}  Qf4+ {[%clk 0:00:54]} 58. Ke2 {[%clk 0:00:37]}  Qe4+ {[%clk 0:01:12]} 59. Kd1 {[%clk 0:00:34]}  b1=Q {[%clk 0:00:38]} 0-1

[Event "Weekender - Master"]
[Site "Enniscrone, Sligo, IE"]
[Date "2026.02.01"]
[Round "4"]
[White "Gallagher, Brian"]
[Black "Gulljord, Birk"]
[Result "0-1"]
[Board "14"]
[WhiteFideId "2512556"]
[BlackFideId "1542753"]
[WhiteElo "1909"]
[BlackElo "1923"]
[WhiteTeam "IRL"]
[BlackTeam "NOR"]
[WhiteClock "0:10:52"]
[BlackClock "0:03:29"]
[Variant "Standard"]

1. e4 {[%clk 1:27:33]}  c6 {[%clk 1:30:51]} 2. d4 {[%clk 1:28:02]}  d5 {[%clk 1:31:12]} 3. e5 {[%clk 1:28:30]}  Bf5 {[%clk 1:31:24]} 4. h4 {[%clk 1:28:58]}  h6 {[%clk 1:31:16]} 5. g4 {[%clk 1:28:57]}  Be4 {[%clk 1:31:38]} 6. f3 {[%clk 1:29:24]}  Bh7 {[%clk 1:31:54]} 7. Bd3 {[%clk 1:28:18]}  Bxd3 {[%clk 1:31:37]} 8. Qxd3 {[%clk 1:28:46]}  e6 {[%clk 1:31:44]} 9. f4 {[%clk 1:25:03]}  Ne7 {[%clk 1:11:13]} 10. h5 {[%clk 1:23:56]}  Na6 {[%clk 1:01:57]} 11. Be3 {[%clk 1:15:44]}  Rc8 {[%clk 0:58:25]} 12. Qb3 {[%clk 1:05:51]}  Qd7 {[%clk 0:54:12]} 13. Nd2 {[%clk 1:02:38]}  c5 {[%clk 0:52:51]} 14. dxc5 {[%clk 1:01:19]}  Nc6 {[%clk 0:50:49]} 15. O-O-O {[%clk 0:47:36]}  Na5 {[%clk 0:35:28]} 16. Qd3 {[%clk 0:43:05]}  Bxc5 {[%clk 0:32:02]} 17. Bxc5 {[%clk 0:37:50]}  Rxc5 {[%clk 0:27:55]} 18. Ne4 {[%clk 0:32:44]}  Nb4 {[%clk 0:24:19]} 19. Qa3 {[%clk 0:26:41]}  Rxc2+ {[%clk 0:22:19]} 20. Kb1 {[%clk 0:27:11]}  Nc4 {[%clk 0:16:12]} 21. Nd6+ {[%clk 0:27:05]}  Qxd6 {[%clk 0:16:34]} 22. exd6 {[%clk 0:26:50]}  Nxa3+ {[%clk 0:16:59]} 23. bxa3 {[%clk 0:27:06]}  Rc4 {[%clk 0:17:21]} 24. axb4 {[%clk 0:26:47]}  Rxb4+ {[%clk 0:17:45]} 25. Ka1 {[%clk 0:22:56]}  Rxf4 {[%clk 0:18:02]} 26. Rc1 {[%clk 0:22:33]}  Kd7 {[%clk 0:18:02]} 27. Rc7+ {[%clk 0:21:26]}  Kxd6 {[%clk 0:18:25]} 28. Rxb7 {[%clk 0:20:58]}  Rf1+ {[%clk 0:15:15]} 29. Rb1 {[%clk 0:20:43]}  Rxb1+ {[%clk 0:15:23]} 30. Kxb1 {[%clk 0:21:12]}  Rb8+ {[%clk 0:15:44]} 31. Kc2 {[%clk 0:20:46]}  Rb4 {[%clk 0:16:01]} 32. g5 {[%clk 0:17:51]}  hxg5 {[%clk 0:14:56]} 33. h6 {[%clk 0:16:40]}  gxh6 {[%clk 0:15:10]} 34. Rxh6 {[%clk 0:16:57]}  Ra4 {[%clk 0:08:34]} 35. Kb3 {[%clk 0:16:07]}  Re4 {[%clk 0:08:55]} 36. Rh7 {[%clk 0:16:12]}  g4 {[%clk 0:07:25]} 37. Rh2 {[%clk 0:12:48]}  f5 {[%clk 0:07:02]} 38. Ne2 {[%clk 0:12:35]}  g3 {[%clk 0:04:35]} 39. Rg2 {[%clk 0:12:17]}  f4 {[%clk 0:04:58]} 40. Nxf4 {[%clk 0:10:52]}  Rxf4 {[%clk 0:05:20]} 41. Rxg3 {[%clk 0:10:32]}  Rc4 {[%clk 0:05:30]} 42. Rg8 {[%clk 0:11:30]}  Rc7 {[%clk 0:04:11]} 43. Rg5 {[%clk 0:10:51]}  d4 {[%clk 0:04:14]} 44. Rh5 {[%clk 0:10:49]}  e5 {[%clk 0:04:17]} 45. Rg5 {[%clk 0:08:46]}  d3 {[%clk 0:03:16]} 46. Rg3 {[%clk 0:08:59]}  e4 {[%clk 0:03:33]} 47. Rg6+ {[%clk 0:09:12]}  Kd5 {[%clk 0:03:49]} 48. Rg8 {[%clk 0:09:28]}  Kd4 {[%clk 0:03:52]} 49. a4 {[%clk 0:09:29]}  Rb7+ {[%clk 0:04:05]} 50. Ka2 {[%clk 0:09:37]}  d2 {[%clk 0:04:13]} 51. a5 {[%clk 0:10:07]}  Kd3 {[%clk 0:03:55]} 52. a6 {[%clk 0:09:55]}  Rb6 {[%clk 0:04:10]} 53. Rc8 {[%clk 0:10:24]}  d1=Q {[%clk 0:03:53]} 54. Rc1 {[%clk 0:10:52]}  Qa4# {[%clk 0:03:29]} 0-1